|
|
|
|
| LEADER |
00000nam a22000007a 4500 |
| 005 |
20210802233837.0 |
| 007 |
cr|||| ||| |
| 008 |
210802s2016 br |||||s|||| 00||0 por d |
| 020 |
|
|
|a 978-85-8310-077-5
|
| 035 |
|
|
|a 34810
|
| 040 |
|
|
|a vLex
|
| 090 |
|
|
|c 11876
|d 11876
|
| 100 |
1 |
|
|a Ayres Barreto, Paulo
|
| 245 |
1 |
0 |
|a Planejamento tributr̀io limites normativos
|h [Recurso electrn̤ico] /
|c Paulo Ayres Barreto
|
| 256 |
|
|
|a Servicio en ln̕ea
|
| 260 |
|
|
|a San Pablo:
|b Editora Noeses,
|c 2016
|
| 300 |
|
|
|a 1 recurso electrn̤ico
|
| 500 |
|
|
|a Trata-se de exame aprofundado do planejamento tributr̀io (elisô fiscal) no ordenamento jurd̕ico brasileiro. O Autor identifica os limites normativos aos quais estô adstritos (i) o legislador infraconstitucional, no regramento da matřia; (ii) o contribuinte, na procura de alternativas para, licitamente, evitar o pagamento de tributos ou reduzir a carga tributr̀ia; (iii) as autoridades administrativas, para requalificar os fatos descritos pelo contribuinte com base nos meios de prova em direito admitidos; e (iv) o Poder Judicir̀io, no controle de constitucionalidade e legalidade dos atos praticados pelo Poder Legislativo, pelo Poder Executivo e pelos particulares, de forma geral. Elenca as diferentes acepė̳s com que ̌utilizada a expressô elisô tributr̀ia e esmia︢̇ as figuras do abuso de direito, abuso de forma jurd̕ica, fraude ̉lei, simulaȯ̂, dissimulaȯ̂, sonegaȯ̂ fiscal e props̤ito negocial como requisito necessr̀io para a legitimaȯ̂ de planejamentos tributr̀ios.
|
| 506 |
1 |
|
|a Disponible solo en los productos indicados
|d vLex Global
|d vLex Global (Academic Edition, excluding Law Schools)
|d vLex Global (U.S. Academic Edition, Law Schools)
|d vLex Global (U.S. Academic Edition, excluding Law Schools)
|d vLex Global (Academic Edition, Law Schools)
|
| 650 |
0 |
4 |
|a Derecho Tributario
|z Brasil
|
| 740 |
0 |
|
|a vLex Libros (Servicio en ln̕ea)
|
| 856 |
4 |
0 |
|u https://app.vlex.com/#/sources/34810
|z Acceso restringido
|
| 942 |
|
|
|c BOOK
|
| 999 |
0 |
|
|a Tax Law
|